| 000 | 00557cam a22001697a 4500 | ||
|---|---|---|---|
| 008 | 180718b1961 xxu||||| |||| 00| 0 eng d | ||
| 082 | _aZx42 N172 | ||
| 100 | _aNash, E.F | ||
| 245 |
_aAgricultural policies of Britain and Denmark: a study in reciprocal trade _cby E.F Nash and E.A Attwood |
||
| 260 |
_aLondon _bLand Bks _c1961 |
||
| 300 | _a94p. | ||
| 650 | _aProduce trade --Denmark | ||
| 650 | _aProduce trade --Great Britain | ||
| 650 | _aAgriculture and state --Denmark | ||
| 650 | _aAgriculture and state --Great Britain | ||
| 700 | _aAttwood, E.A | ||
| 999 |
_c375138 _d375138 |
||